Nhập môn lí thuyết tập hợp và tôpô học

সংরক্ষণ করুন:
গ্রন্থ-পঞ্জীর বিবরন
প্রধান লেখক: Kazimierz, Kuratowski
বিন্যাস: গ্রন্থ
ভাষা:Undetermined
প্রকাশিত: Hà Nội Khoa học và Kỹ thuật 1966
বিষয়গুলি:
ট্যাগগুলো: ট্যাগ যুক্ত করুন
কোনো ট্যাগ নেই, প্রথমজন হিসাবে ট্যাগ করুন!
Thư viện lưu trữ: Trung tâm Học liệu Trường Đại học Cần Thơ
LEADER 00579nam a2200181Ia 4500
001 CTU_1696
008 210402s9999 xx 000 0 und d
082 |a 514 
082 |b K95 
100 |a Kazimierz, Kuratowski 
245 0 |a Nhập môn lí thuyết tập hợp và tôpô học 
245 0 |c Kazimierz Kuratowski ; Dịch giả Nguyễn Sinh 
260 |a Hà Nội 
260 |b Khoa học và Kỹ thuật 
260 |c 1966 
650 |a Ensembles (Mathematics),Topology 
904 |i Minh 
980 |a Trung tâm Học liệu Trường Đại học Cần Thơ